| 000 | 00378cam a2200145ua 4500 | ||
|---|---|---|---|
| 041 |
_aeng _h |
||
| 082 |
_a823.308 _bTIC/AP |
||
| 100 | _aTickell, Jerrard . | ||
| 245 |
_aAppointment with venus / _cJerrard Tickell. _hTextual Documents |
||
| 260 |
_aLondon : _bUniversity of London Press Ltd , _c1962. |
||
| 300 | _a132 ; . | ||
| 504 | _a | ||
| 942 | _cBK | ||
| 999 |
_c12412 _d12412 |
||